United States : The Physical Landscape /
Guardado en:
| Hovedforfatter: | |
|---|---|
| Andre forfattere: | , |
| Format: | Kort |
| Udgivet: |
Washington, EUA :
National Geographic Society,
1996, c1996
|
| Fag: | |
| Tags: |
Ingen Tags, Vær først til at tagge denne postø!
|
MARC
| LEADER | 00000nem^a2200000^a^4500 | ||
|---|---|---|---|
| 001 | 000131970 | ||
| 005 | 20250521000000.0 | ||
| 009 | 20260310095040.889 | ||
| 037 | |a Acervo ITESO - Biblioteca | ||
| 041 | |a GRA | ||
| 082 | |a 912. 73 |b SHU | ||
| 100 | |a Shupe, John F. |e (autor) | ||
| 245 | 1 | 0 | |a United States : |b The Physical Landscape / |c J.F. Shupe ; dir. de A. Carroll ; ed. de W.L. Allen. |
| 255 | |c (O125º-O65º/N50º-N25º) | ||
| 255 | |a Escala 1 : 6 766 000 y 1 : 6 223 000 | ||
| 264 | 4 | |a Washington, EUA : |b National Geographic Society, |c 1996, c1996 | |
| 300 | |a 1 mapa | ||
| 336 | |a imagen cartográfica estática |b cri |2 rdacontenido | ||
| 337 | |a sin mediación |b n |2 rdamedio | ||
| 338 | |a mapa |b nz |2 rdasoporte | ||
| 546 | |a Edición gráfica con texto en inglés | ||
| 649 | |a XX | ||
| 650 | |a Orografía - |z EUA - |x Mapas | ||
| 650 | |a Tierras Nacionales - |z EUA - |x Mapas | ||
| 650 | |a EUA - |x Mapas | ||
| 650 | |a América - |x Mapas | ||
| 650 | |a Cartografía - |z EUA | ||
| 650 | |a Geografía - |z EUA | ||
| 740 | 0 | |a Federal Lands : |b In the Fifty States / |c J.F. Shupe ; dir. de A. Carroll ; ed. de W.L. Allen. | |
| 700 | |a Carroll, Allen |e (dirección) | ||
| 700 | |a Allen, William L. |e (edición) | ||
| 910 | |a Fondo General | ||
| 920 | |a Gráficos - Mapas | ||
| 905 | |a 503 | ||
| 901 | |a 0500061378 |b IT2 |c MAP |u 20250521 | ||
| 902 | |a https://opac.biblio.iteso.mx/vufind/Record/000131970 | ||